000 00801nmc a2200289 a 4500
003 AR-BaBNM
005 20251128211833.0
008 176120s2005 ||||||||||||||000 | spa||
020 _a950-24-1131-5
040 _cAR-BaBNM
100 1 _aEstefanía, Laura
245 1 0 _aUna visita por el Museo Fragata Presidente Sarmiento
250 _a1ª ed.
260 _aBuenos Aires
_bAlbatros
_c2005
300 0 _a48 p.
_bil. col.
490 0 _aUna visita por el museo
650 4 _aMUSEOS ESPECIALIZADOS
650 4 _aACTIVIDADES DE LOS MUSEOS
650 4 _aRECURSOS DIDACTICOS
650 4 _aLIBROS PARA NINOS
650 4 _aVISITAS A LOS MUSEOS
653 0 _aLITERATURA DIDACTICA
653 0 _aESTRATEGIAS DIDACTICAS
700 1 _aSolas, Kabe
_eilustrador
942 _cBK
998 _cNancy
999 _c21325
_d21325